000 00531nam a2200169Ia 4500
999 _c21641
_d21641
003 OSt
005 20200616125425.0
008 190216s9999||||xx |||||||||||||| ||und||
020 _a9780195645477
040 _coclc
082 _a305.50954
_bDUM/H
100 _a Dumont, Louis
_92981
245 0 _aHomo Hierarchicus The Caste System And Its Implications /
_cLouis Dumont
260 _bOxford University Press,
_c2013.
_aNew Delhi:
300 _a490p
942 _cBK
_2ddc
_h305.50954
_iDUM/H
_k305.50954
_mDUM/H